Library of the University of Algiers 3
Ibrahim Sultan Cheibout
شعار جامعة الجزائر 3
مكتبة جامعة الجزائر 3
إبراهيم سلطان شيبوط

الصلح الواقى من الافلاس : (رقم التسجيلة. 45700)

تفاصيل مارك
000 -LEADER
fixed length control field 01105nam a2200241Ia 4500
003 - CONTROL NUMBER IDENTIFIER
control field Ost
005 - DATE AND TIME OF LATEST TRANSACTION
control field 20260507075656.0
008 - FIXED-LENGTH DATA ELEMENTS--GENERAL INFORMATION
fixed length control field 260507s9999||||xx |||||||||||||| ||und||
020 ## - INTERNATIONAL STANDARD BOOK NUMBER
International Standard Book Number 9957160176
040 ## - CATALOGING SOURCE
Transcribing agency fsecg
041 ## - LANGUAGE CODE
Language code of text/sound track or separate title ara
082 ## - DEWEY DECIMAL CLASSIFICATION NUMBER
Classification number 346.078
100 ## - MAIN ENTRY--PERSONAL NAME
Personal name الأخرس، نشأت
Relator term مؤلف
245 #0 - TITLE STATEMENT
Title الصلح الواقى من الافلاس :
Remainder of title دراسة مقارنة في القوانين الأردنية والمصرية واللبنانية والتونسية والقانون البريطاني /
Statement of responsibility, etc. نشأت الأخرس
260 ## - PUBLICATION, DISTRIBUTION, ETC.
Place of publication, distribution, etc. عمان:
Name of publisher, distributor, etc. دار الثقافة,
Date of publication, distribution, etc. 2005
300 ## - PHYSICAL DESCRIPTION
Extent 270 صفحة؛
Other physical details إيضاحات ؛
Dimensions 24 سم
504 ## - BIBLIOGRAPHY, ETC. NOTE
Bibliography, etc. note المراجع ص.259
520 ## - SUMMARY, ETC.
Summary, etc. التعريف بالصلح الواقي من الافلاس وتطوره التاريخي، انعقاد الصلح الواقي من الافلاس وآثاره، فعالية نظام الصلح الواقي من الافلاس وانقضاؤه.
653 ## - INDEX TERM--UNCONTROLLED
Uncontrolled term الإفلاس
653 ## - INDEX TERM--UNCONTROLLED
Uncontrolled term العجز المالي
653 ## - INDEX TERM--UNCONTROLLED
Uncontrolled term القانون التجاري
942 ## - ADDED ENTRY ELEMENTS (KOHA)
Koha item type كتب
المقتنيات
Withdrawn status Lost status Source of classification or shelving scheme Damaged status Not for loan Home library Current library Date acquired Serial enumeration / chronology Inventory number Total checkouts Full call number Barcode Date last seen Price effective from Koha item type
    Library of Congress Classification   NOT LOAN / إعارة داخلية مكتبة كلية العلوم الإقتصادية والعلوم التجارية وعلوم التسيير مكتبة كلية العلوم الإقتصادية والعلوم التجارية وعلوم التسيير 07/05/2026 الطابق الأرضي 025.21/230   أ/1843ن4 025.21/230 07/05/2026 07/05/2026 كتب

موارد الويب المفتوحة


© University of Algiers 3 All Rights Reserved
|
Implemented by LECHELAH Riad